Son vapuru kaçıranlar / (Record no. 13553)
[ view plain ]
| 000 -BAŞLIK | |
|---|---|
| Sabit Uzunlukta Kontrol Alanı | 00688nam a2200217 4500 |
| 999 ## - SİSTEM KONTROL NUMARALARI (KOHA) | |
| Koha Biblionumber | 13553 |
| Koha Biblioitemnumber | 13553 |
| 003 - KONTROL NUMARASI IDENTIFIER | |
| Denetim Alanı | MIRAKIL |
| 005 - SON İŞLEM TARİHİ VE ZAMANI | |
| Denetim Alanı | 20191022140316.0 |
| 008 - SABİT-BOY VERİ ELEMANLARI - GENEL BİLGİLER | |
| Sabit Uzunlukta Kontrol Alanı | 191022b tu ||||| |||| 00| 0 tur d |
| 020 ## - ULUSLARARASI STANDART KİTAP NUMARASI | |
| Uluslararası Standart Kitap Numarası | 975470760X |
| 040 ## - KATALOGLAMA KAYNAK | |
| Orijinal Kataloglama Ajansı | TR-AnCHP |
| Metne Dönüştürmek Ajansı | TR-AnCHP |
| 041 ## - DİL KODU | |
| Metin / Ses Parça Veya Ayrı Başlığın Dil Kodu | tur |
| 082 ## - DEWEY ONLU SINIFLANDIRMA NUMARASI | |
| Sınıflandırma Numarası | 818.42 |
| Ürün Numarası | H86s 1999 |
| 100 ## - ANA GİRİŞ - KİŞİSEL İSİM | |
| Kişisel Ad | Hurşid, Sait |
| 245 10 - BAŞLIK TABLOSU | |
| Başlık | Son vapuru kaçıranlar / |
| Sorumluluk Tablosu, Vb | Sait Hurşid ; yayına hazırlayan M. Bülent Varlık. |
| 260 ## - YAYIN, DAĞITIM, VB | |
| Yayın, Dağıtım, Vb Yeri | İstanbul: |
| Yayıncı, Dağıtıcı, Vs Adı | İletişim yayınları, |
| Yayın, Dağıtım, Vb Tarihi | 1999. |
| 300 ## - FİZİKSEL TANIM | |
| Kapsam | 104 s.: |
| Diğer Fiziksel Ayrıntıları | fotg., |
| Boyutlar | 20 sm. |
| 490 0# - SERİSİ TABLOSU | |
| Seri Beyanı | İletişim yayınları; |
| -- | Anı dizisi ; |
| Hacim / Ardışık Tanımı | 582. |
| -- | 25. |
| 650 #0 - KONU KATMA GİRİŞ - TOPİKAL DÖNEM | |
| 9 (RLIN) | 19 |
| Topikal Süreli Veya Coğrafi Ad Giriş Elemanı | Türk edebiyatı |
| Genel Alt Bölümü | Anılar |
| 700 ## - KATMA GİRİŞ - KİŞİSEL İSİM | |
| 9 (RLIN) | 6037 |
| Kişisel Ad | Varlık, Bülent |
| Relator Terim | yay. haz. |
| 942 ## - EKLENDİ GİRİŞ ELEMANLARI (KOHA) | |
| Sınıflandırma Veya Raf Düzeni Kaynak | Dewey Decimal Classification |
| Koha Öğesi Türü | Books |
| Kalıcı Konum | Mevcut Konum | Edinme Tarihi | Toplam Check-Out'Lar | Tam Çağrı Numarası | Barkod | Tarih Son Görülme | İtibaren Geçerli Fiyatlar | Sigara Kamu Notu | Koha Öğesi Türü |
|---|---|---|---|---|---|---|---|---|---|
| CHP Kütüphanesi | CHP Kütüphanesi | 10/22/2019 | 818.42 H86s 1999 | 011821 | 10/22/2019 | 10/22/2019 | Ertuğrul Çepni bağışıdır. | Books |
